<?xml version="1.0" encoding="UTF-8"?><?xml-stylesheet type="text/xsl" href="static/style.xsl"?><OAI-PMH xmlns="http://www.openarchives.org/OAI/2.0/" xmlns:xsi="http://www.w3.org/2001/XMLSchema-instance" xsi:schemaLocation="http://www.openarchives.org/OAI/2.0/ http://www.openarchives.org/OAI/2.0/OAI-PMH.xsd"><responseDate>2026-04-13T22:45:10Z</responseDate><request verb="GetRecord" identifier="oai:www.recercat.cat:10230/22197" metadataPrefix="marc">https://recercat.cat/oai/request</request><GetRecord><record><header><identifier>oai:recercat.cat:10230/22197</identifier><datestamp>2025-12-25T19:59:15Z</datestamp><setSpec>com_2072_6</setSpec><setSpec>col_2072_452954</setSpec></header><metadata><record xmlns="http://www.loc.gov/MARC21/slim" xmlns:dcterms="http://purl.org/dc/terms/" xmlns:xsi="http://www.w3.org/2001/XMLSchema-instance" xmlns:doc="http://www.lyncode.com/xoai" xsi:schemaLocation="http://www.loc.gov/MARC21/slim http://www.loc.gov/standards/marcxml/schema/MARC21slim.xsd">
   <leader>00925njm 22002777a 4500</leader>
   <datafield ind2=" " ind1=" " tag="042">
      <subfield code="a">dc</subfield>
   </datafield>
   <datafield ind2=" " ind1=" " tag="720">
      <subfield code="a">Almanza Hernández, Marcela</subfield>
      <subfield code="e">author</subfield>
   </datafield>
   <datafield ind2=" " ind1=" " tag="260">
      <subfield code="c">2014-04-01T16:19:58Z</subfield>
   </datafield>
   <datafield ind2=" " ind1=" " tag="260">
      <subfield code="c">2014-04-01T16:19:58Z</subfield>
   </datafield>
   <datafield ind2=" " ind1=" " tag="260">
      <subfield code="c">2013</subfield>
   </datafield>
   <datafield ind2=" " ind1=" " tag="520">
      <subfield code="a">El presente documento propone una investigación en Narrativas Transmedia (NT)que centre el análisis en dos objetivos generales: 1) desarrollar un estudio comparativo de la producción transmedia dentro de la estrategia de comunicación de cuatro clubes de fútbol relevantes de Europa: FC Barcelona, Real Madrid CF, Chelsea FC y Manchester United FC, y 2) analizar un caso específico de producción transmedia del FCBarcelona. Para este fin, la investigación propone un análisis de los elementos narratológicos y semióticos de la estrategia de comunicación y a través de la técnica metodológica del análisis narrativo busca encontrar resultados que permitan describir el fenómeno de las NT dentro de una estrategia de comunicación institucional o corporativa. Esta propuesta de investigación es el trabajo final para obtener el título de Máster en Estudios Avanzados en Comunicación Social y es el anteproyecto de investigación de la futura tesis doctoral en Comunicación.</subfield>
   </datafield>
   <datafield tag="653" ind2=" " ind1=" ">
      <subfield code="a">Comunicació en l&amp;apos;esport</subfield>
   </datafield>
   <datafield tag="653" ind2=" " ind1=" ">
      <subfield code="a">Futbol Club Barcelona</subfield>
   </datafield>
   <datafield tag="653" ind2=" " ind1=" ">
      <subfield code="a">Real Madrid Club de Fútbol</subfield>
   </datafield>
   <datafield tag="653" ind2=" " ind1=" ">
      <subfield code="a">Manchester United Football Club</subfield>
   </datafield>
   <datafield tag="653" ind2=" " ind1=" ">
      <subfield code="a">Chelsea Football Club</subfield>
   </datafield>
   <datafield ind2="0" ind1="0" tag="245">
      <subfield code="a">Análisis de las estrategias de comunicación transmedia de los clubes de fútbol más relevantes de Europa: FC Barcelona, Real Madrid CF,/nChelsea FC y Manchester United FC</subfield>
   </datafield>
</record></metadata></record></GetRecord></OAI-PMH>